|
|
|
|
| LEADER |
00000nam0a2200000 4500 |
| 001 |
6278 |
| 005 |
20231030180025.0 |
| 010 |
|
|
|a 5778400349
|
| 035 |
|
|
|a (RuTPU)RU\TPU\book\6310
|
| 035 |
|
|
|a BOOK00006366
|
| 090 |
|
|
|a 6278
|
| 100 |
|
|
|a 20011209d1997 k y0rusy50 ca
|
| 101 |
0 |
|
|a rus
|
| 102 |
|
|
|a RU
|
| 105 |
|
|
|a y e 000zy
|
| 200 |
1 |
|
|a Словарь культуры ХХ века
|e Ключевые понятия и тексты
|f В. П. Руднев
|
| 210 |
|
|
|a Москва
|c Аграф
|d 1997
|
| 215 |
|
|
|a 384 с.
|
| 610 |
1 |
|
|a культура
|
| 610 |
1 |
|
|a культурология
|
| 610 |
1 |
|
|a учебные пособия
|
| 610 |
1 |
|
|a словари
|
| 610 |
1 |
|
|a 20 век
|
| 686 |
|
|
|a Ч111я2
|v LBC/SL-A
|2 rubbk
|
| 700 |
|
1 |
|a Руднев
|b В. П.
|g Вадим Петрович
|
| 801 |
|
0 |
|a RU
|b 63413507
|c 20011209
|g PSBO
|
| 801 |
|
2 |
|a RU
|b 63413507
|c 20130111
|g PSBO
|
| 900 |
|
|
|a Культурология
|
| 942 |
|
|
|c BK
|